Historia de la literatura hispanoamericana / (Record no. 23807)

MARC details
000 -LEADER
campo de control de longitud fija 00517nam a2200169 i 4500
001 - NÚMERO DE CONTROL
campo de control 23807
003 - IDENTIFICADOR DE NÚMERO DE CONTROL
campo de control ES-MaACL
005 - FECHA Y HORA DE LA ÚLTIMA TRANSACCIÓN
campo de control 20230906152934.0
007 - CAMPO FIJO DE DESCRIPCIÓN FÍSICA--INFORMACIÓN GENERAL
campo de control de longitud fija t|
008 - DATOS DE LONGITUD FIJA--INFORMACIÓN GENERAL
campo de control de longitud fija 021212s1970 mx ||||1| spa d
100 1# - ENTRADA PRINCIPAL--NOMBRE DE PERSONA
Nombre de persona Anderson Imbert, Enrique.
9 (RLIN) 21476
245 10 - MENCIÓN DEL TÍTULO
Título Historia de la literatura hispanoamericana /
Mención de responsabilidad, etc. por Enrique Anderson Imbert.
250 ## - MENCION DE EDICION
Mención de edición 2ª ed. [corr. y aum.].
260 ## - PUBLICACIÓN, DISTRIBUCIÓN, ETC.
Lugar de publicación, distribución, etc. México :
Nombre del editor, distribuidor, etc. Fondo de Cultura Económica,
Fecha de publicación, distribución, etc. [1970]
300 ## - DESCRIPCIÓN FÍSICA
Extensión 2 v.. ;
Dimensiones 18 cm.
852 ## - LOCALIZACIÓN
Ubicación ES-MaACL
Número de control de estantería C-56683-4
Sublocalización o colección R.89424
Holdings
Estatus retirado Estado de pérdida Estado de daño No para préstamo Biblioteca de origen Biblioteca actual Ubicación en estantería Fecha de adquisición Fuente de adquisición Total de préstamos Signatura topográfica completa Código de barras Visto por última vez Precio de reemplazo Tipo de ítem Koha
        Biblioteca del Ateneo de Madrid Biblioteca del Ateneo de Madrid Depósito 2 17/01/2008     C-56683-4 1024535 23/02/2023 23/02/2023 Libro impreso